| 000 | 00419cam a2200181ua 4500 | ||
|---|---|---|---|
| 020 | _c2.00 | ||
| 041 |
_ahin _h |
||
| 082 |
_a891.54 _bCHE/SA |
||
| 100 | _aChekhov, Anton . | ||
| 245 |
_aSangharsh / _cAnton Chekho. _hTextual Documents |
||
| 250 |
_a3 / _b. |
||
| 260 |
_a : _bHind Pocket Books Pvt Ltd , _c1951. |
||
| 300 | _a152 ; . | ||
| 365 | _a2.00 | ||
| 504 | _a | ||
| 942 | _cBK | ||
| 999 |
_c8127 _d8127 |
||